000 00582nam a2200229Ia 4500
003 OSt
005 20220928140720.0
006 a|||||r|||| 00| 0
007 ta
008 220927b |||||||| |||| 00| 0 eng d
024 _a11323
037 _cTextual
040 _aSDCL
_cSDCL
_beng
041 _2eng
_aeng
082 _aN, P2
100 _aLazzari Margaret Au.
_9497237
245 0 _aExploring art.
260 _c2002
700 _a Schlesier Dona Au.
_9497238
942 _hN, P2
_cTEXL
_2CC
999 _c813754
_d813754